000 00991cam a2200193 a 4500
999 _c6894
_d6894
020 _a0805375651
022 _a9780805375657
050 0 0 _aQA76.76.O63
_b.So1
100 1 _aSobell, Mark G.
245 1 2 _aA practical guide to the UNIX system /
_cMark G. Sobell.
250 _a3rd ed.
260 _aRedwood City, Calif. :
_bBenjamin/Cummings Pub. Co.,
_cc1995.
300 _axxxii, 800 p. :
_bill. ;
_c24 cm.
500 _aIncludes index.
505 _aCh. 1. The UNIX Operating System -- Ch. 2. Getting Started -- Ch. 3. An Introduction to the Utilities -- Ch. 4. The File Structure -- Ch. 5. The Shell -- Ch. 6. Graphical User Interfaces -- Ch. 7. Networking -- Ch. 8. The vi Editor -- Ch. 9. The emacs Editor -- Ch. 10. The Bourne Shell -- Ch. 11. The C Shell -- Ch. 12. The Korn Shell and Advanced Shell Programming -- Ch. 13. Programming Tools -- Ch. 14. System Administration --
650 _aUNIX (Computer file)
650 _aOperating systems (Computers)
942 _cBK